| 000 | 01064cab a2200289 4500 | ||
|---|---|---|---|
| 001 | ABS55361 | ||
| 008 | 090401t1996 xxu||||| |||| 00| 0 eng d | ||
| 035 | _a(Sirsi) u15968 | ||
| 041 | _aeng | ||
| 100 | _aHickson, P. | ||
| 245 | _aTerms for lease renewal under the Landlord and Tenant Act 1954 | ||
| 260 | _c1996 | ||
| 350 | _a0 | ||
| 490 |
_aRent Review & Lease Renewal _v16(2) June 1996, 7-15(9) |
||
| 520 | _aLooks at the position when a lease protected under the Landlord and Tenant Act 1954 comes to an end and examines the provisions in sections 32-35 of the Act which govern the terms on which the new lease is granted. | ||
| 650 | _aLANDLORD AND TENANT ACT 1954 PART II | ||
| 650 | _aLANDLORD AND TENANT ACT 1954 S32 | ||
| 650 | _aLANDLORD AND TENANT ACT 1954 S33 | ||
| 650 | _aLANDLORD AND TENANT ACT 1954 S34 | ||
| 650 | _aLANDLORD AND TENANT ACT 1954 S35 | ||
| 650 | _aLANDLORD AND TENANT ACT 1954 | ||
| 650 | _aLEASE RENEWAL | ||
| 650 | _aLEASES | ||
| 690 | _aPROPERTY-LANDLORD AND TENANT | ||
| 942 | _n0 | ||
| 948 | _c04/03/1997 | ||
| 999 |
_c10508 _d10508 |
||